00387nam a22001457a 4500003000500000038000600005082001600011100001700027245002100044260003200065500003600097563000600133700004500139856005700184NUST aa aBICSE-8 FAT aFatima Nawaz aRate your doctor aIslamabadbNUST SEECSc2014 aSupervisor: Dr. Kashif Rajpoot  aa aFatima Nawaz, Mariam Aamir, Herum Arshad uhttp://10.250.8.41:8080/xmlui/handle/123456789/10340